Advanced quantum theory: and its applications through Feynman diagrams
Uloženo v:
| Hlavní autor: | |
|---|---|
| Médium: | Kniha |
| Jazyk: | angličtina |
| Vydáno: |
Nueva York
Springer-Verlag
1979
|
| Edice: | Texts and Monographs in Physics
|
| Témata: | |
| Tagy: |
Přidat tag
Žádné tagy, Buďte první, kdo vytvoří štítek k tomuto záznamu!
|
MARC
| LEADER | 00000nam a2200000 a 4500 | ||
|---|---|---|---|
| 001 | UCL2570 | ||
| 003 | CL-VaPUC | ||
| 008 | 031024e19790000US |||||||||||||||||eng|d | ||
| 020 | |a 0387090452 | ||
| 082 | 0 | 4 | |a 530.12 |b SCA |2 21 |
| 100 | 0 | |a Scadron, Michael D |e author |9 479687 | |
| 245 | 1 | 0 | |a Advanced quantum theory: and its applications through Feynman diagrams |
| 300 | |a 386 p | ||
| 942 | |c BK | ||
| 945 | |d 20031024 00:00:00 |a cmena | ||
| 260 | |a Nueva York |b Springer-Verlag |c 1979 | ||
| 650 | 0 | |a Teoría cuántica |9 266148 | |
| 650 | 0 | |a Mecánica cuántica |9 306806 | |
| 650 | 0 | |a Electromagnetismo |9 260123 | |
| 583 | |a last modification |c 20031024 00:00:00 |k Rodrigo Vera | ||
| 490 | 0 | |a Texts and Monographs in Physics | |
| 999 | |c 305853 |d 305851 | ||
| 952 | |0 0 |1 0 |4 0 |6 530_120000000000000_SCA_1979 |7 0 |8 A |9 370331 |a BIBCUR |b BIBCUR |d 2019-11-21 |i 2083744 |o 530.12 SCA 1979 |p 2083744 |r 2025-04-22 |w 2019-11-21 |y BK |k FIS | ||